[Event "CRO-chT2 Ost"]
[White "Vujatovic, Dragomir"]
[Black "Sulc, Damir"]
[Site "Osijek"]
[Round "1.43"]
[Result "0-1"]
[Date "2012.04.21"]
[WhiteElo "2088"]
[BlackElo "2253"]
[PlyCount "46"]
[EventDate "2012.04.21"]
[EventType "team-tourn"]
[EventRounds "11"]
[EventCountry "CRO"]
[SourceTitle "EXT 2014"]
[Source "ChessBase"]
[SourceDate "2013.11.20"]
[SourceVersion "1"]
[SourceVersionDate "2013.11.20"]
[SourceQuality "1"]

1. e4 c5 2. Ne2 Nc6 3. Nbc3 g6 4. g3 Bg7 5. Bg2 e6 6. 0-0 Nge7 7. d3 0-0 8. Bg5 d6 9. Qd2 Re8 10. Rfe1 Rb8 11. a4 a6 12. Bh6 Bh8 13. Be3 Nd4 14. Nd1 Nec6 15. Nxd4 Nxd4 16. Bxd4 cxd4 17. c4 dxc3 18. bxc3 Qa5 19. d4 Bd7 20. Nb2 Rec8 21. Rec1 Rc7 22. Qd3 Rbc8 23. c4 Qb6 0-1

[Event "CRO-chT2 East"]
[White "Jovanovic, Milenko"]
[Black "Vujatovic, Dragomir"]
[Site "Croatia"]
[Round "9"]
[Result "1-0"]
[Date "2011.10.16"]
[WhiteElo "2199"]
[BlackElo "2101"]
[PlyCount "74"]
[EventDate "2011.04.02"]
[EventType "tourn"]
[EventRounds "11"]
[EventCountry "CRO"]
[SourceTitle "EXT 2014"]
[Source "ChessBase"]
[SourceDate "2013.11.20"]
[SourceVersion "1"]
[SourceVersionDate "2013.11.20"]
[SourceQuality "1"]

1. d4 Nf6 2. Nf3 d5 3. c4 e6 4. Nc3 c6 5. cxd5 cxd5 6. Bg5 Be7 7. e3 Nc6 8. Bd3 h6 9. Bh4 a6 10. 0-0 b5 11. a4 b4 12. Nb1 Bd7 13. Nbd2 a5 14. Rc1 0-0 15. Bb5 Rc8 16. Ba6 Rb8 17. Bg3 Rb6 18. Bb5 Nh5 19. Nb3 Nxg3 20. hxg3 Na7 21. Bxd7 Qxd7 22. Nc5 Bxc5 23. Rxc5 Nc6 24. b3 f6 25. Qc2 Ra8 26. Rc1 Raa6 27. Ne1 Qd6 28. Qg6 Ra8 29. Qc2 Raa6 30. Rb5 Na7 31. Rxb6 Rxb6 32. Qc7 Qxc7 33. Rxc7 Nc6 34. Nd3 Nd8 35. Rc8 Rd6 36. Ra8 Kf7 37. Rxa5 Nc6 1-0

[Event "CRO-chT2 East"]
[White "Vujatovic, Dragomir"]
[Black "Grandic, Zvjezdan"]
[Site "Croatia"]
[Round "4.2"]
[Result "1/2-1/2"]
[Date "2005.04.23"]
[WhiteElo "2221"]
[BlackElo "2179"]
[PlyCount "97"]
[EventDate "2005.03.19"]
[EventType "team-tourn"]
[EventRounds "11"]
[EventCountry "CRO"]
[SourceTitle "EXT 2007"]
[Source "ChessBase"]
[SourceDate "2006.11.23"]
[SourceVersion "1"]
[SourceVersionDate "2006.11.23"]
[SourceQuality "1"]
[WhiteTeam "Beli Manastir"]
[BlackTeam "Nasice Slavonac"]
[WhiteTeamCountry "CRO"]
[BlackTeamCountry "CRO"]

1. Nf3 Nf6 2. b3 e6 3. Bb2 b6 4. d4 Bb7 5. Nbd2 c5 6. e3 Nc6 7. Be2 d5 8. 0-0 Bd6 9. Ne5 0-0 10. f4 Ne4 11. Nxe4 dxe4 12. Nxc6 Bxc6 13. Qe1 Qc7 14. Qg3 f6 15. Qh3 Rae8 16. Rad1 Bd7 17. g4 cxd4 18. Bxd4 e5 19. Bc4+ Kh8 20. fxe5 Bxe5 21. Bxe5 Rxe5 22. Qg3 Bxg4 23. Rd5 Bf3 24. Rf2 Re7 25. Qxc7 Rxc7 26. Rfd2 g6 27. Rd8 Rxd8 28. Rxd8+ Kg7 29. Kf2 b5 30. Bxb5 Rxc2+ 31. Kg3 Rg2+ 32. Kh3 g5 33. Rd7+ Kg6 34. Rxa7 g4+ 35. Kh4 Rxh2+ 36. Kg3 Rh3+ 37. Kf4 g3 38. Bd7 Rh5 39. Be8+ Kh6 40. Kxg3 Re5 41. Bc6 Kg6 42. b4 Rg5+ 43. Kh3 Rh5+ 44. Kg3 Rg5+ 45. Kf2 Rg2+ 46. Kf1 Rb2 47. Be8+ Kg5 48. b5 Kh4 49. a4 1/2-1/2

[Event "CRO-chT2 East"]
[White "Vujatovic, Dragomir"]
[Black "Tomic, Zvonimir"]
[Site "Croatia"]
[Round "1.4"]
[Result "1/2-1/2"]
[Date "2005.03.19"]
[WhiteElo "2221"]
[BlackElo "2136"]
[PlyCount "92"]
[EventDate "2005.03.19"]
[EventType "team-tourn"]
[EventRounds "11"]
[EventCountry "CRO"]
[SourceTitle "EXT 2007"]
[Source "ChessBase"]
[SourceDate "2006.11.23"]
[SourceVersion "1"]
[SourceVersionDate "2006.11.23"]
[SourceQuality "1"]
[WhiteTeam "Beli Manastir"]
[BlackTeam "Vinkovci"]
[WhiteTeamCountry "CRO"]
[BlackTeamCountry "CRO"]

1. e4 c5 2. Nf3 e6 3. d4 cxd4 4. Nxd4 Nf6 5. Nc3 d6 6. Be3 a6 7. Be2 Be7 8. Qd2 0-0 9. a4 Qc7 10. 0-0 b6 11. f4 Bb7 12. Bf3 Nc6 13. Qf2 Nd7 14. f5 Nxd4 15. Bxd4 Bf6 16. Rad1 Rad8 17. g4 Bxd4 18. Rxd4 Ne5 19. Rfd1 Qc5 20. Kg2 exf5 21. gxf5 Rd7 22. Nd5 Bxd5 23. Rxd5 Qc6 24. Be2 Ra8 25. b3 f6 26. R1d2 Kf8 27. Qd4 Nf7 28. c4 Rad8 29. a5 bxa5 30. Rxa5 Re7 31. Rd5 Qb7 32. c5 Rde8 33. Bf3 dxc5 34. Qxc5 Ne5 35. Bh5 g6 36. Rxe5 gxh5 37. Rxe7 Rxe7 38. Rd8+ Kg7 39. Qd5 Qxd5 40. exd5 Rb7 41. d6 Rxb3 42. Rd7+ Kf8 43. Ra7 Ke8 44. Rxa6 Kd7 45. Ra7+ Kxd6 46. Rxh7 Ke5 1/2-1/2